000 01095nam a2200229Ia 4500
999 _c38758
_d38758
001 5092
003 GE_BSU
005 20190523143209.0
008 181216s1963||||ge |||||||||||||| ||geo||
040 _cGE_BSU
041 _ageo
080 _a629.113(076) უ-88
100 _aუშვერიძე, გ.
_91520
245 _aავტომობილების რემონტის ტექნოლოგია :
_bლაბორატორიული სამუშაოები. /
_cგ. უშვერიძე, გ. ჩხაიძე, ვ. ოდიშარია ; რედ. გ. მეძმარიაშვილი.
264 _aთბილისი :
_bცოდნა,
_c1963.
300 _a163 გვ. :
_bილ.;
_c20 სმ.
504 _aბიბლიოგრ. : გვ.161.
653 _aავტომობილების რემონტის ტექნოლოგია
700 _a ჩხაიძე, გ.
_eავტორი
_91521
700 _aოდიშარია, ვ.
_eავტორი
_91522
942 _cBK
_2udc